LEADER 00782nam a2200205 i 4500 001 000000105053 003 CaOOAMICUS 005 20250905105503.0 008 050303s1998 it u000 u mul u 020 $a88-02-05205-0 040 $aSeMil$bita 245 10$aLibri 9.-16. 300 $aP. 768-1575, [5] c. di tav. :$bill. ;$c24 cm 773 0 $aCicero, Marcus Tullius <106-43 a.C.>$tEpistole ad Attico.$dTorino : Unione Tipografico-Editrice Torinese, 1998.$g2$w()803 850 $aSeMil 852 $aSeMil$W1$xVenegono$y1$m1Y V 3/2$j261486$B61338$CSeMilBibl$Z2$F70649 $81 961 $aSottoscrizione: UTET (Agente) 996 $6020$a88-02-05205-0$9(OLS)http://semarc/number/35055 996 $6245$aLibri 9.-16$9(OLS)http://semarc/title/152156 LEADER 01179nam a2200277 i 4500 001 000000129151 003 CaOOAMICUS 005 20040915000000.0 008 040915s1989 it u000 u ita u 013 $a101884 020 $a88-17-11515-0 040 $aSeMil$bita 100 1 $aPaglia, Vincenzo,$c.$0(OLS)http://semarc/name/90485 245 10$aColloqui su Gesł :$bLettere dal Vangelo secondo Luca /$cVincenzo Paglia ; introduzione di Pietro Rossano. 260 $aMilano :$bRizzoli,$ccopyr. 1989. 300 $aIII, 267 p. ;$c20 cm. 650 4$aGesł Cristo - Meditazioni.$0(OLS)http://semarc/subject/1836 700 1 $aRossano, Piero,$c.$0(OLS)http://semarc/name/4098 850 $aSeMil 852 $aSeMil$W1$xVenegono$y1$m78 11 15 *$j83280$B83280$CSeMilBibl$Z2$F86304 $81 900 1 $aRossano, Pietro. 961 $aLascito: Bassani don Emilio 996 $6020$a88-17-11515-0$9(OLS)http://semarc/number/94231 996 $6245$aColloqui su Gesł :$bLettere dal Vangelo secondo Luca$9(OLS)http://semarc/title/190890 996 $6260$aMilano :$bRizzoli$9(OLS)http://semarc/publisher/29824